| 000 | 005980000a22001810004500 | ||
|---|---|---|---|
| 003 | MACL | ||
| 005 | 20160214130629.0 | ||
| 008 | 160214b xxu||||| |||| 00| 0 eng d | ||
| 040 |
_aMACL _cMACL |
||
| 041 | _aHindi | ||
| 082 | _a320 | ||
| 100 |
_aकुमारप्पा डा. भारतऩ _938385 |
||
| 245 | _aपूॅजीवाद समाजवाद ग्रामोघोग | ||
| 260 |
_bज्ञानमण्डल पुस्तक भण्डार _c1946 _aकाशी |
||
| 350 | _a5 | ||
| 650 |
_aPolitical Science _938386 |
||
| 942 |
_cHIN _k320 _2ddc |
||
| 999 |
_c24520 _d24520 |
||